| 000 | 01111 a2200241 4500 | ||
|---|---|---|---|
| 005 | 20210818181446.0 | ||
| 008 | 160923b xxu||||| |||| 00| 0 eng d | ||
| 020 | _a84-494-2011-3 (Obra completa) | ||
| 040 | _bEspañol | ||
| 041 | _aEspañol | ||
| 110 |
_948631 _aGrupo Oceano |
||
| 245 |
_aCurso practico de expresion corporal _beducación̤ psicomotríz infantil _ccrevisin̤ de la versión̤ española Grc̀ia Cruzate de Palau |
||
| 260 |
_aBarcelona _bOceano _c1986 |
||
| 300 |
_a2 v. _bIlustraciones _c25cm |
||
| 500 | _aContiene glosario en la página 169 | ||
| 505 | _aVol. 1. : Caperucita Roja / El patito feo / La flauta mágica / Los músicos de Bremen / El gato con botas -- Vol. 2. : La piel de oso / Los tres oseznos / La mona y el Alvaro / El soldadito de plomo / El cumpleaños de la infancia | ||
| 700 |
_948981 _aCruzate de Palau, Gracia |
||
| 082 |
_aR371.73 _bC977c |
||
| 650 | 0 |
_915326 _aExpresion Corporal |
|
| 650 | 0 |
_933313 _aComunicacion No Verbal |
|
| 650 | 0 |
_948982 _aEducacion psicomotriz en niǫs |
|
| 942 |
_2ddc _hR371.73 C977c _kR371.73 _mC977c |
||
| 999 |
_c10606 _d10606 |
||